LEADER 01226nam a2200289 i 4500 001 000000105266 003 CaOOAMICUS 005 20250311094648.0 008 150826s1975 be u000 u mul u 013 $a77456 040 $aSeMil$bita 100 0 $aAmbrosius Autpertus,$d.$0(OLS)http://semarc/name/89595 240 10$aIn Apocalypsin.$0(OLS)http://semarc/title/452930 245 10$a2: Expositionis in Apocalypsin libri 6-10. 264 1$aTurnhout :$bBrepols,$c1975. 300 $aP. 466-872 ;$c26 cm. 490 0 $aCorpus Christianorum. Continuatio Mediaevalis ;$v27.A 773 0 $aAmbrosius Autpertus $tAmbrosii Autperti Opera.$dTurnhout : Brepols, 1975-1979.$gPars2$w()6866 830 0$aCorpus Christianorum. Continuatio Mediaevalis ;$v27.A.$0(OLS)http://semarc/title/35 850 $aSeMil 852 $aSeMil$W1$xVenegono$y1$mSL2.F CC.CM 27/A$j260303$B61522$CSeMilBibl$Z2$F70958 $8I 900 0 $aAmbrogio Autperto. 961 $aSottoscrizione: Brepols 996 $6245$a2: Expositionis in Apocalypsin libri 6-10$9(OLS)http://semarc/title/152442 996 $6264$aTurnhout :$bBrepols$9(OLS)http://semarc/publisher/29626 LEADER 01267nam a2200277 i 4500 001 000000361006 003 CaOOAMICUS 005 20260302112443.0 008 241203s2024 it u000 u ita u 020 $a978-88-372-3851-3 040 $aSeMil$bita 100 1 $aGuardini, Romano,$d<1885-1968>.$0(OLS)http://semarc/name/3002 245 14$aKierkegaard, Nietzsche, Sémer /$cRomano Guardini ; a cura di Caterina Maurer. 264 1$aBrescia :$bMorcelliana,$c2024. 300 $a283 p. ;$c24 cm. 600 14$aKierkegaard, Sřren <1813-1855>.$0(OLS)http://semarc/subject/1182 600 14$aNietzsche, Friedrich <1844-1900>.$0(OLS)http://semarc/subject/638 600 14$aSémer, Madeleine <1874-1921>.$0(OLS)http://semarc/subject/19206 700 1 $aMaurer, Caterina.$0(OLS)http://semarc/name/121081 830 0$aOpera omnia / Romano Guardini ;$v22.$0(OLS)http://semarc/title/458414 850 $aSeMil 852 $aSeMil$W1$xVenegono$y1$m2UA M 22$j252920$B251985$CSeMilBibl$Z2$F251985 $81 996 $6020$a978-88-372-3851-3$9(OLS)http://semarc/number/301977 996 $6245$aKierkegaard, Nietzsche, Sémer$9(OLS)http://semarc/title/451615 996 $6264$aBrescia :$bMorcelliana$9(OLS)http://semarc/publisher/29629